Přehled statistických metod zpracování dat analýza a metaanalýza dat

Salvato in:
Dettagli Bibliografici
Autore principale: Hendl, Jan
Natura: Libro
Lingua:ceco
Pubblicazione: Praha Portál 2006
Edizione:2. opr. vyd.
Soggetti:
Tags: Aggiungi Tag
Nessun Tag, puoi essere il primo ad aggiungerne!!

MARC

LEADER 00000nam$a2200000$$$4500
001 0045420
005 20240313133431.6
020 |a 80-7367-123-9 
041 0 |a cze 
044 |a CZ 
245 1 0 |a Přehled statistických metod zpracování dat  |b analýza a metaanalýza dat  |c Jan Hendl 
250 |a 2. opr. vyd. 
264 1 |a Praha  |b Portál  |c 2006 
300 |a 583 s. 
610 2 0 |a metódy štatistické 
610 2 0 |a analýza štatistická 
610 2 0 |a spracovanie dát 
610 2 0 |a štatistika 
610 2 0 |a pravdepodobnosť 
610 2 0 |a závislosť štatistická 
610 2 0 |a regresia 
610 2 0 |a systémy štatistické 
100 1 |a Hendl, Jan